Précis de mathématiques générales; T1 Cours et exercices résolus

Salvato in:
Dettagli Bibliografici
Natura: Libro
Lingua:Undetermined
Pubblicazione: Rosny, Bois Bréal
Soggetti:
Tags: Aggiungi Tag
Nessun Tag, puoi essere il primo ad aggiungerne! !
Thư viện lưu trữ: Trung tâm Học liệu Trường Đại học Cần Thơ
LEADER 00421nam a2200145Ia 4500
001 CTU_45804
008 210402s9999 xx 000 0 und d
082 |a 510.07152 
082 |b H428/T1 
245 0 |a Précis de mathématiques générales; T1 
245 0 |b Cours et exercices résolus 
260 |a Rosny, Bois 
260 |b Bréal 
650 |a mathematics 
980 |a Trung tâm Học liệu Trường Đại học Cần Thơ